000 00692nam a2200253Ia 4500
003 OSt
005 20220918164526.0
006 a|||||r|||| 00| 0
007 ta
008 220917b |||||||| |||| 00| 0 eng d
020 _a0674097556
024 _a31,283
037 _cTextual
040 _aARTS
_cARTS
_beng
041 _2eng
_aeng
082 _aO111,6:g(R), L8
100 _aHarris Kenneth Marc
_919354
245 0 _aCarlyle and Emerson
_b their long debate
260 _aCambridge
_bHarvardUniv Press
_c1978
300 _a194p.
_ccm.
650 _aENGLISH LITERATURE
942 _hO111,6:g(R), L8
_cTEXL
_2CC
999 _c125209
_d125209